000 01086 a2200241 4500
003 Nust
005 20170207152319.0
010 _a 87031185
020 _a0521388414
040 _cNust
082 0 0 _a005.11
100 1 _aGibbons, Alan
245 1 0 _aEfficient parallel algorithms /
_cAlan Gibbons, Wojciech Rytter.
260 _aCambridge [England] ;
_aNew York :
_bCambridge University Press,
_c1988.
300 _aviii, 259 p. :
_bill. ;
_c26 cm.
505 _aIntroduction Page No 1, Graph Algorithms Page No 20, Expression Evaluation Page No 88, Parallel Recognition and Parsing of Context - free Languages, Fast Parallel Sorting Page No 180,Parallel String Matching Page No 217,P- Completeness:Hardly Parallelisable Problems Page No 235
538 _aAlmirah No.21 and Shelf No.2
650 0 _aParallel algorithms.
650 0 _aParallel programming (Computer science)
700 1 _aRytter, Wojciech.
856 4 2 _3Publisher description
_uhttp://www.loc.gov/catdir/description/cam032/87031185.html
856 4 2 _3Table of contents
_uhttp://www.loc.gov/catdir/toc/cam032/87031185.html
942 _cREF
999 _c174842
_d174842